Представление документа в формате RUSMARC

ПолеНазваниеЗначение
  Тип записи a
  Библиографический уровень c
001 Контрольный номер RU/SLIB/B/208750502
005 Дата корректировки 20230306100111.3
010 Индекс ISBN __
d Цена 1-40
101 Язык документа 0_
a Язык текста rus
c Язык оригинала eng
200 Заглавие и сведения об ответственности 1_
a Заглавие Писатели Англии о литературе: XIX-XX
e Сведения, относящиеся к заглавию сб. ст. : пер. с англ.
b Общее обозначение материала Текст
210 Выходные данные 1_
a Место издания М.
c Издательство Прогресс
d Дата издания 1981
215 Физическое описание __
a Объем 410 с.
606 Тематические рубрики __
a Основная рубрика Литературоведение
z Хронологическая подрубрика 19 в.; 20 в.
606 Тематические рубрики __
a Основная рубрика Литература Европы
610 Ключевые слова 0_
a Ключевые слова английская литература; прозаики; статьи; иностранная литература; зарубежная литература; писатели; литературная критика
686 Индексы других классификаций __
a Классификационный индекс 83.3(4Вел); ст83.3(4Вел)
801 Источник записи _0
a Страна RU
b Организация Муниципальное бюджетное учреждение культуры "Централизованная библиотечная система" г. Сургут (Центральная городская библиотека им. А. С. Пушкина)
g Правила каталогизации КиК/Елгина
801 Источник записи _1
a Страна RU
b Организация Муниципальное бюджетное учреждение культуры "Централизованная библиотечная система" г. Сургут (Центральная городская библиотека им. А. С. Пушкина)
g Правила каталогизации КиК/Елгина
852 Данные о местонахождении __
j Шифр хранения 83.3(4Вел)
c Каталожный индекс 83.3(4Вел)
i Авторский знак П 34
p Инвентарный номер 11441
901 Тип документа __
t Тип документа x
969 Тип издания __
a Тип издания сборник
990 Данные о заказе (DOS) __
j Количество экземпляров (DOS) 1
t N записи в КСУ для И/У (DOS) 199101